| 000 | 00784cam a2200205 4500 | ||
|---|---|---|---|
| 001 | WB3731-58 | ||
| 008 | 010808n2001 000 0 eng u | ||
| 035 | _a(Sirsi) u114019 | ||
| 245 | _aTax and accounting: changes | ||
| 260 | _c2001 | ||
| 490 |
_aInland Revenue Press Release _v(101) 1 August 2001 (3) |
||
| 520 | _aThe Paymaster General announces that government will introduce legislation to clarify the basis on which profits are taxed. This will ensure that trading profits are taxed efficiently and tax relief is provided once only for trading expenses. | ||
| 590 | _aWB | ||
| 650 | _aMANAGEMENT-BUSINESS MANAGEMENT-FINANCIAL MANAGEMENT-ACCOUNTING | ||
| 650 | _aFINANCE BILL | ||
| 650 | _aFINANCE ACT 1988 | ||
| 650 | _aPROFITS | ||
| 690 | _aTAXATION | ||
| 942 | _n0 | ||
| 999 |
_c67956 _d67956 |
||